[Event "18th EUR-ch (w)"]
[Site "Riga LAT"]
[Date "2017.04.19"]
[Round "8.3"]
[White "Zhukova, Natalia"]
[Black "Muzychuk, Anna"]
[Result "1/2-1/2"]
[WhiteElo "2438"]
[BlackElo "2587"]
[EventDate "2017.04.11"]
[PlyCount "21"]

1.c4 c5 2.Nf3 Nf6 3.d4 cxd4 4.Nxd4 e6 5.Nc3 d5 6.cxd5 Nxd5 7.Bd2 Be7 8.e4 
Nxc3 9.Bxc3 O-O 10.Be2 Qb6 11.Qb3 1/2-1/2

[Event "18th EUR-ch (w)"]
[Site "Riga LAT"]
[Date "2017.04.19"]
[Round "8.5"]
[White "Kashlinskaya, Alina"]
[Black "Lagno, Kateryna"]
[Result "1-0"]
[WhiteElo "2426"]
[BlackElo "2543"]
[EventDate "2017.04.11"]
[PlyCount "95"]

1.d4 Nf6 2.c4 g6 3.Nc3 Bg7 4.e4 d6 5.Be2 O-O 6.Nf3 e5 7.O-O Nc6 8.d5 Ne7 
9.b4 a5 10.Ba3 axb4 11.Bxb4 b6 12.a4 Re8 13.a5 c5 14.dxc6 Nxc6 15.Bxd6 
Rxa5 16.Rxa5 Nxa5 17.Bxe5 Qxd1 18.Rxd1 Bb7 19.Bc7 Nxe4 20.Nxe4 Rxe4 21.Kf1
Nxc4 22.Rd8+ Bf8 23.Bd3 f6 24.Bxe4 Bxe4 25.Nd2 Nxd2+ 26.Rxd2 b5 27.Bd6 Bg7
28.Bb4 g5 29.Rd7 Bf5 30.Rc7 h5 31.Ke2 Be4 32.f3 Bd5 33.Ke3 h4 34.Rd7 Bc4 
35.Ke4 Be6 36.Rb7 f5+ 37.Ke3 Bc4 38.Be7 Bh6 39.Bf6 g4+ 40.f4 h3 41.g3 Bf8 
42.Kd4 Bb4 43.Ke5 Bd3 44.Ke6 Bc5 45.Rg7+ Kf8 46.Rc7 Bc4+ 47.Kxf5 Bg1 48.
Kg6 1-0

[Event "18th EUR-ch (w)"]
[Site "Riga LAT"]
[Date "2017.04.19"]
[Round "8.6"]
[White "Batsiashvili, Nino"]
[Black "Khotenashvili, Bela"]
[Result "1/2-1/2"]
[WhiteElo "2496"]
[BlackElo "2445"]
[EventDate "2017.04.11"]
[PlyCount "55"]

1.Nf3 b6 2.c4 Bb7 3.Nc3 Bxf3 4.exf3 c5 5.d4 cxd4 6.Qxd4 Nc6 7.Qd2 g6 8.Be2
Bg7 9.O-O Nh6 10.b3 Nf5 11.Bb2 O-O 12.Bd3 Nfd4 13.Ne2 Nxe2+ 14.Bxe2 Bxb2 
15.Qxb2 Qc7 16.Rfd1 Rfd8 17.Rd2 Qe5 18.Qxe5 Nxe5 19.f4 Nc6 20.Rad1 d6 21.
h4 Rdc8 22.h5 Kg7 23.g3 a5 24.a3 Nd8 25.Kg2 Rc7 26.Rd5 f5 27.Re1 Kf6 28.
Bf3 1/2-1/2

[Event "18th EUR-ch (w)"]
[Site "Riga LAT"]
[Date "2017.04.19"]
[Round "8.9"]
[White "Pahtz, Elisabeth"]
[Black "Nechaeva, Marina"]
[Result "1/2-1/2"]
[WhiteElo "2454"]
[BlackElo "2395"]
[EventDate "2017.04.11"]
[PlyCount "82"]

1.d4 d5 2.Bf4 Nf6 3.e3 c5 4.c3 Nc6 5.Nd2 cxd4 6.exd4 Bf5 7.Ngf3 e6 8.Qb3 
Qc8 9.Nh4 Bg4 10.Bd3 Be7 11.h3 Bh5 12.g4 Bg6 13.Nxg6 hxg6 14.f3 a6 15.Qc2 
Qd8 16.Nb3 Nd7 17.Kf2 Bh4+ 18.Kg2 Qe7 19.Qe2 O-O 20.Rhf1 e5 21.dxe5 Ndxe5 
22.Bxe5 Nxe5 23.f4 Nxd3 24.Qxd3 Rfe8 25.Nd4 Qc5 26.f5 Re4 27.fxg6 fxg6 28.
Nf3 Re3 29.b4 Qe7 30.Qxd5+ Kh7 31.Rad1 Rxc3 32.Rd2 Rd8 33.Qxd8 Qxd8 34.
Rxd8 Bxd8 35.Rd1 Be7 36.Rd7 Rc2+ 37.Kg3 Bf6 38.a4 b6 39.Rd6 Ra2 40.Rxb6 
Rxa4 41.b5 axb5 1/2-1/2

[Event "18th EUR-ch (w)"]
[Site "Riga LAT"]
[Date "2017.04.19"]
[Round "8.11"]
[White "Mammadova, Gulnar"]
[Black "Pogonina, Natalia"]
[Result "1/2-1/2"]
[WhiteElo "2357"]
[BlackElo "2478"]
[EventDate "2017.04.11"]
[PlyCount "59"]

1.e4 e5 2.Nf3 Nc6 3.Bc4 Bc5 4.O-O Nf6 5.d3 d6 6.c3 a6 7.a4 h6 8.Na3 O-O 9.
Nc2 Ba7 10.Be3 Be6 11.Bxa7 Rxa7 12.Ne3 Bxc4 13.Nxc4 a5 14.Re1 Re8 15.Qb3 
Qd7 16.Rad1 Raa8 17.Ne3 b6 18.Nd5 Nxd5 19.exd5 Ne7 20.d4 Ng6 21.dxe5 dxe5 
22.Qc4 Rad8 23.g3 Re7 24.Nh4 Nxh4 25.Qxh4 Rde8 26.Qc4 e4 27.Rd4 e3 28.Rxe3
Rxe3 29.fxe3 Rxe3 30.Re4 1/2-1/2

[Event "18th EUR-ch (w)"]
[Site "Riga LAT"]
[Date "2017.04.19"]
[Round "8.12"]
[White "Fatalieva, Ulviyya"]
[Black "Javakhishvili, Lela"]
[Result "1-0"]
[WhiteElo "2287"]
[BlackElo "2456"]
[EventDate "2017.04.11"]
[PlyCount "125"]

1.e4 e5 2.Nf3 Nc6 3.d4 exd4 4.Nxd4 Nf6 5.Nxc6 bxc6 6.e5 Qe7 7.Qe2 Nd5 8.c4
Nb6 9.Nd2 Qe6 10.b3 a5 11.Bb2 a4 12.Qe3 Bb4 13.O-O-O axb3 14.axb3 Ba3 15.
Bxa3 Rxa3 16.Qc5 Ra1+ 17.Kc2 Rxd1 18.Kxd1 Kd8 19.Bd3 Re8 20.Nf3 h6 21.Re1 
Bb7 22.h3 Qe7 23.Qxe7+ Kxe7 24.Be4 Ra8 25.Nd4 g6 26.f4 Ra5 27.g4 c5 28.Nc2
Bxe4 29.Rxe4 Ra8 30.Kd2 Rh8 31.Ne3 c6 32.Nc2 h5 33.g5 Ke6 34.Ne1 Ra8 35.
Nd3 Ra2+ 36.Kc3 Ra5 37.Re2 Ke7 38.Re1 Ke6 39.f5+ gxf5 40.Nf4+ Ke7 41.Nxh5 
Ra2 42.h4 Nc8 43.Ng7 f4 44.h5 Kf8 45.Nf5 Ne7 46.Nd6 Rg2 47.h6 Rxg5 48.Ra1 
Kg8 49.Ne4 Rg6 50.Nf6+ Rxf6 51.exf6 Ng6 52.Kd3 Kh7 53.Ke4 Kxh6 54.Kf5 Kh7 
55.Rh1+ Kg8 56.Rd1 Nf8 57.Kxf4 Ne6+ 58.Ke5 Nd4 59.Kd6 Nxb3 60.Ke7 Nd4 61.
Rg1+ Kh7 62.Kxf7 Kh6 63.Ke7 1-0

[Event "18th EUR-ch (w)"]
[Site "Riga LAT"]
[Date "2017.04.19"]
[Round "8.13"]
[White "Buksa, Natalia"]
[Black "Cramling, Pia"]
[Result "1/2-1/2"]
[WhiteElo "2314"]
[BlackElo "2452"]
[EventDate "2017.04.11"]
[PlyCount "43"]

1.e4 c5 2.Nf3 b6 3.d4 cxd4 4.Nxd4 Bb7 5.f3 e6 6.c4 Nc6 7.Nc3 Qb8 8.Be3 Nf6
9.Be2 Bc5 10.Qd2 O-O 11.O-O Rd8 12.Nc2 d6 13.Kh1 Bxe3 14.Qxe3 d5 15.exd5 
exd5 16.cxd5 Nxd5 17.Nxd5 Rxd5 18.f4 Qe8 19.Bf3 Qxe3 20.Nxe3 Rd3 21.Nc4 
Nd8 22.Ne5 1/2-1/2

[Event "18th EUR-ch (w)"]
[Site "Riga LAT"]
[Date "2017.04.19"]
[Round "8.14"]
[White "Galliamova, Alisa"]
[Black "Arabidze, Meri"]
[Result "1-0"]
[WhiteElo "2444"]
[BlackElo "2373"]
[EventDate "2017.04.11"]
[PlyCount "95"]

1.d4 d5 2.g3 Nf6 3.Bg2 e6 4.Nf3 b5 5.Nc3 a6 6.O-O Bb7 7.e4 dxe4 8.Ng5 Be7 
9.Ngxe4 Nxe4 10.Nxe4 O-O 11.Bf4 Bd5 12.c3 Nd7 13.Re1 Rc8 14.a4 Nf6 15.Qd3 
Nxe4 16.Bxe4 Bxe4 17.Qxe4 Bd6 18.axb5 axb5 19.Ra5 Rb8 20.Rea1 Qd7 21.Ra7 
Bxf4 22.Qxf4 Rfc8 23.R1a6 h6 24.b4 Qd5 25.Rxc7 e5 26.Qxe5 Qf3 27.Raa7 Rxc7
28.Qxc7 Re8 29.Ra1 h5 30.h4 Re2 31.Rf1 Qd3 32.Qc8+ Kh7 33.Qc5 g6 34.Qf8 
Qf3 35.Qc8 Rc2 36.Qd7 Rxc3 37.Qxb5 Rd3 38.Qe5 Qg4 39.Qc7 Kg7 40.Qe5+ Kh7 
41.Ra1 Qf3 42.b5 Rb3 43.Qc5 Rb2 44.d5 g5 45.hxg5 h4 46.Qd4 h3 47.Qh4+ Kg6 
48.Ra6+ 1-0

[Event "18th EUR-ch (w)"]
[Site "Riga LAT"]
[Date "2017.04.19"]
[Round "8.15"]
[White "Gaponenko, Inna"]
[Black "Lazarne Vajda, Szidonia"]
[Result "1/2-1/2"]
[WhiteElo "2416"]
[BlackElo "2355"]
[EventDate "2017.04.11"]
[PlyCount "90"]

1.e4 c6 2.Nc3 d5 3.Nf3 Bg4 4.h3 Bxf3 5.Qxf3 e6 6.Be2 Nf6 7.O-O dxe4 8.Nxe4
Nxe4 9.Qxe4 Be7 10.d4 Nd7 11.c4 Nf6 12.Qe3 Qd7 13.a4 Rd8 14.Rd1 O-O 15.b3 
Rfe8 16.Bb2 Bd6 17.g3 a6 18.Qf3 Qe7 19.Qe3 Rd7 20.f4 c5 21.Bf3 Red8 22.Kg2
a5 23.Rd3 b6 24.Rad1 cxd4 25.Bxd4 Bc5 26.Bxc5 Qxc5 27.Qxc5 bxc5 28.Rxd7 
Rxd7 29.Rxd7 Nxd7 30.Bc6 Nb8 31.Bb5 Kf8 32.Kf3 Ke7 33.g4 f5 34.gxf5 exf5 
35.h4 Kd6 36.Kg3 Nc6 37.Bxc6 Kxc6 38.h5 h6 39.Kf3 Kd6 40.Kg3 Ke6 41.Kh3 
Kf6 42.Kg3 Ke6 43.Kh3 Kf6 44.Kg3 Ke6 45.Kh3 Kf6 1/2-1/2

[Event "18th EUR-ch (w)"]
[Site "Riga LAT"]
[Date "2017.04.19"]
[Round "8.16"]
[White "Osmak, Yuliya"]
[Black "Tsolakidou, Stavroula"]
[Result "1-0"]
[WhiteElo "2348"]
[BlackElo "2395"]
[EventDate "2017.04.11"]
[PlyCount "169"]

1.d4 Nf6 2.Bf4 e6 3.e3 d6 4.Nf3 b6 5.c3 Bb7 6.Bd3 Nbd7 7.O-O g6 8.Nbd2 Bg7
9.h3 O-O 10.Bh2 a6 11.a4 Qe7 12.Re1 e5 13.e4 Ne8 14.Qe2 c6 15.Nc4 Rd8 16.
Rad1 b5 17.Na5 Ba8 18.axb5 cxb5 19.b4 Rb8 20.d5 Qd8 21.Rb1 f5 22.c4 bxc4 
23.Bxc4 fxe4 24.Nd2 e3 25.fxe3 Nb6 26.Nc6 Bxc6 27.dxc6+ Kh8 28.Bxa6 Nd5 
29.Qc4 Nxe3 30.Rxe3 Qb6 31.Re1 Nc7 32.Bb7 Bh6 33.Qd3 Bxe3+ 34.Qxe3 Qxb4 
35.Rb1 Qa5 36.Nf3 Nd5 37.Qd2 Qc5+ 38.Kh1 e4 39.Qd4+ Qxd4 40.Nxd4 Rf6 41.
Nb5 e3 42.Bxd6 Re8 43.Bg3 e2 44.Re1 Re3 45.Kh2 Rf1 46.c7 Nxc7 47.Nxc7 Rxg3
48.Rxe2 Rb3 49.Re8+ Kg7 50.Re7+ Kh6 51.Bd5 Rb8 52.Ne6 Rf5 53.Rd7 Rb2 54.
Bb7 Rf6 55.Nd4 Rfb6 56.Bf3 Kg5 57.Rxh7 Rd2 58.Ne2 Rb3 59.Ng3 Rdb2 60.Rf7 
Rb5 61.Ne4+ Kh6 62.Kg3 Rb7 63.Rf4 Re7 64.Nf6 Kg7 65.Nd5 Rf7 66.Rg4 Kh6 67.
h4 Rb3 68.Nf4 Rf6 69.Rg5 Ra3 70.Rb5 Ra4 71.Nh3 Ra7 72.Ng5 Re7 73.Rb8 Kg7 
74.Bd5 Rf5 75.Rg8+ Kf6 76.Be4 Ra5 77.Rxg6+ Ke5 78.Bf3 Kf5 79.h5 Ra3 80.Nh3
Rh7 81.Rg5+ Kf6 82.Kh4 Rd7 83.Rg6+ Kf7 84.Ng5+ Kf8 85.h6 1-0

[Event "18th EUR-ch (w)"]
[Site "Riga LAT"]
[Date "2017.04.19"]
[Round "8.22"]
[White "Berzina, Ilze"]
[Black "Hoolt, Sarah"]
[Result "1/2-1/2"]
[WhiteElo "2297"]
[BlackElo "2398"]
[EventDate "2017.04.11"]
[PlyCount "85"]

1.e4 c5 2.Nf3 e6 3.g3 Nc6 4.Bg2 Nf6 5.Qe2 e5 6.O-O Be7 7.Nc3 d6 8.h3 O-O 
9.d3 h6 10.Nh2 Nd4 11.Qd1 Bd7 12.f4 exf4 13.Bxf4 Qc8 14.g4 Ne6 15.Bg3 Bc6 
16.Nd5 Bxd5 17.exd5 Nc7 18.c4 Qd8 19.Nf3 Nd7 20.Qe2 Ne8 21.Rae1 Bf6 22.h4 
Ne5 23.Nxe5 Bxe5 24.Bxe5 dxe5 25.Qf2 Qe7 26.Qg3 f6 27.g5 Kh8 28.Qe3 Rd8 
29.gxf6 Rxf6 30.Rxf6 Qxf6 31.Qxc5 Nd6 32.Qf2 Nf5 33.Rf1 Rf8 34.Bh3 g6 35.
Bxf5 gxf5 36.Kh2 Rg8 37.Qxf5 Qxh4+ 38.Qh3 Qg5 39.Qf3 Qh4+ 40.Qh3 Qg5 41.
Kh1 Rg6 42.Qh2 Qe3 43.Qh4 1/2-1/2

[Event "18th EUR-ch (w)"]
[Site "Riga LAT"]
[Date "2017.04.19"]
[Round "8.25"]
[White "Ziaziulkina, Nastassia"]
[Black "Abdulla, Khayala"]
[Result "1/2-1/2"]
[WhiteElo "2387"]
[BlackElo "2241"]
[EventDate "2017.04.11"]
[PlyCount "37"]

1.e4 c6 2.d4 d5 3.exd5 cxd5 4.Bd3 Nf6 5.c3 Nc6 6.Nf3 Bg4 7.Nbd2 e6 8.O-O 
Bd6 9.Re1 O-O 10.Nf1 Qc7 11.Ng3 Bf4 12.h3 Bxf3 13.Qxf3 Bxc1 14.Raxc1 Rac8 
15.Qe3 Rfe8 16.Bb1 Na5 17.Qd3 g6 18.Qf3 Kg7 19.Bd3 1/2-1/2

[Event "18th EUR-ch (w)"]
[Site "Riga LAT"]
[Date "2017.04.19"]
[Round "8.34"]
[White "Mamedyarova, Turkan"]
[Black "Stefanova, Antoaneta"]
[Result "0-1"]
[WhiteElo "2267"]
[BlackElo "2527"]
[EventDate "2017.04.11"]
[PlyCount "96"]

1.d4 d5 2.Nf3 Nf6 3.c4 c6 4.Nc3 a6 5.c5 Bf5 6.Bf4 Nbd7 7.e3 Nh5 8.Bd3 Nxf4
9.exf4 Bg4 10.O-O g6 11.Be2 Bxf3 12.Bxf3 Bg7 13.b4 a5 14.Rb1 axb4 15.Rxb4 
Nxc5 16.dxc5 Bxc3 17.Rxb7 Qa5 18.Qb3 O-O 19.Qb6 e6 20.Qxc6 Rac8 21.Qd7 
Rxc5 22.Bg4 Qa6 23.Qe7 Ra5 24.f5 exf5 25.Bf3 d4 26.Qc7 Qe6 27.Bd1 Rc8 28.
Qf4 Qc6 29.Re7 Kf8 30.Qh4 Qd6 31.Rb7 Kg7 32.Bb3 Rc7 33.Rxc7 Qxc7 34.Qh3 
Re5 35.Qd3 Qe7 36.g3 h5 37.Kg2 f4 38.Qf3 fxg3 39.hxg3 Rf5 40.Qd3 Qb7+ 41.
Kh2 h4 42.f4 hxg3+ 43.Kxg3 Qb8 44.Qe4 Qd6 45.Rf2 Qb4 46.Rh2 Bd2 47.Rh1 
Bxf4+ 48.Kg4 Be5 0-1

[Event "18th EUR-ch (w)"]
[Site "Riga LAT"]
[Date "2017.04.19"]
[Round "8.35"]
[White "Ozturk, Kubra"]
[Black "Daulyte, Deimante"]
[Result "1/2-1/2"]
[WhiteElo "2261"]
[BlackElo "2443"]
[EventDate "2017.04.11"]
[PlyCount "149"]

1.d4 d6 2.Nf3 Nf6 3.c4 g6 4.Nc3 Bg7 5.e4 O-O 6.Be2 Nbd7 7.O-O e5 8.Qc2 a5 
9.Rd1 exd4 10.Nxd4 Re8 11.f3 Nc5 12.Be3 Qe7 13.Bf1 c6 14.Bf2 Bh6 15.b3 Nh5
16.g3 Bd7 17.a3 Rad8 18.Bg2 Bc8 19.b4 axb4 20.axb4 Ne6 21.Ra7 Nxd4 22.Bxd4
Be6 23.Bb6 Bxc4 24.f4 Rd7 25.Qf2 Nf6 26.h3 Bg7 27.Bd4 h5 28.Kh2 b5 29.Bxf6
Bxf6 30.Rxd7 Qxd7 31.e5 Be7 32.exd6 Bxd6 33.Ne4 Rxe4 34.Bxe4 Qe6 35.Bxc6 
h4 36.Bg2 hxg3+ 37.Qxg3 Qf6 38.Kh1 Bxf4 39.Qf3 Kg7 40.Bf1 Bxf1 41.Rxf1 g5 
42.Rf2 Qd4 43.h4 f6 44.hxg5 Bxg5 45.Rh2 Qd7 46.Re2 Qd1+ 47.Kg2 Kh6 48.Qe4 
Qd6 49.Kf3 Qd1 50.Kf2 Qd6 51.Qh1+ Kg6 52.Qe4+ Kh6 53.Kg2 Qd1 54.Rc2 Qd6 
55.Kf3 Qd1+ 56.Kf2 Qd6 57.Ke2 Qh2+ 58.Kd3 Qg3+ 59.Kd4 Qd6+ 60.Kc3 Bf4 61.
Kb3 Bg5 62.Kb2 Bd2 63.Qh1+ Kg6 64.Qg2+ Bg5 65.Qe4+ Kh6 66.Rc3 Qd2+ 67.Qc2 
Qd4 68.Kb3 Qd5+ 69.Ka3 Qh1 70.Kb2 Bf4 71.Ka2 Qa8+ 72.Kb1 Qh1+ 73.Ka2 Qa8+ 
74.Kb1 Qh1+ 75.Ka2 1/2-1/2

[Event "18th EUR-ch (w)"]
[Site "Riga LAT"]
[Date "2017.04.19"]
[Round "8.36"]
[White "Sandu, Mihaela"]
[Black "Szczepkowska, Karina"]
[Result "0-1"]
[WhiteElo "2261"]
[BlackElo "2414"]
[EventDate "2017.04.11"]
[PlyCount "144"]

1.e4 e5 2.Nf3 Nc6 3.Bc4 Bc5 4.d3 Nf6 5.Bb3 d6 6.c3 a6 7.O-O Ba7 8.Nbd2 h6 
9.h3 g5 10.Nh2 g4 11.hxg4 Rg8 12.Qf3 Qe7 13.Nc4 Nxg4 14.Ne3 Nxh2 15.Kxh2 
Bxe3 16.fxe3 Be6 17.Bxe6 Qxe6 18.Bd2 Ne7 19.Be1 Ng6 20.Qh3 Qxh3+ 21.gxh3 
Ke7 22.Rf5 Rg7 23.Bf2 Rag8 24.Rg1 Nf8 25.Bh4+ Ke8 26.Rxg7 Rxg7 27.d4 Nd7 
28.Bg3 f6 29.Kg2 Kf7 30.Rh5 Kg6 31.Rf5 d5 32.dxe5 fxe5 33.Rf2 dxe4 34.Kh2 
Rf7 35.Rg2 Kf5 36.Bh4 Nf8 37.Bd8 Ke6 38.Bh4 Rf3 39.Re2 Ng6 40.Bd8 c6 41.b3
Nf8 42.c4 Nd7 43.Bc7 Nc5 44.Rg2 Nd3 45.Rg6+ Rf6 46.Rg8 Rf2+ 47.Kg1 Rxa2 
48.Rg6+ Kf7 49.Rxh6 Re2 50.Bb6 Rb2 51.Rh7+ Kg6 52.Rxb7 Rxb3 53.Rb8 a5 54.
h4 a4 55.h5+ Kh7 56.Kg2 a3 57.Kg3 a2 58.Ra8 Rxb6 59.Rxa2 Kh6 60.Kg4 Rb4 
61.c5 Rc4 62.Kf5 Rxc5 63.Kxe4 Nb4 64.Rh2 Rd5 65.Kf5 Nd3 66.Ra2 c5 67.Ra8 
c4 68.Ke4 Rc5 69.Ra1 Kxh5 70.Kf5 Kh4 71.Ke4 Kg3 72.Rf1 Nf2+ 0-1

[Event "18th EUR-ch (w)"]
[Site "Riga LAT"]
[Date "2017.04.19"]
[Round "8.37"]
[White "Mammadova, Narmin"]
[Black "Savina, Anastasia"]
[Result "1/2-1/2"]
[WhiteElo "2240"]
[BlackElo "2378"]
[EventDate "2017.04.11"]
[PlyCount "143"]

1.e4 d6 2.d4 Nf6 3.Nd2 g6 4.Ngf3 Bg7 5.Be2 O-O 6.O-O Nc6 7.c3 e5 8.dxe5 
dxe5 9.Qc2 Nh5 10.Rd1 Nf4 11.Nc4 Qf6 12.Ne3 Ne7 13.b3 Be6 14.Ba3 Nxe2+ 15.
Qxe2 Rfe8 16.Rd2 Qf4 17.Bxe7 Rxe7 18.Nd5 Bxd5 19.Rxd5 c6 20.Rd6 Bf8 21.
Rad1 Rae8 22.h3 Rc7 23.R6d2 b5 24.g3 Qf6 25.Qe3 Qe7 26.Kg2 Qc5 27.Qxc5 
Bxc5 28.Rd8 Re7 29.b4 Bb6 30.Rxe8+ Rxe8 31.Rd6 Kg7 32.Rxc6 Rd8 33.c4 bxc4 
34.Rxc4 Rd1 35.a4 Kf6 36.a5 Bd4 37.b5 Rb1 38.Nxd4 exd4 39.Rxd4 Rxb5 40.
Rd6+ Ke5 41.Rd7 Rxa5 42.Rxf7 h5 43.Re7+ Kf6 44.Rc7 Ke5 45.Rc6 g5 46.Rh6 
Kxe4 47.Rxh5 Kf5 48.h4 Kg6 49.g4 Rb5 50.f3 Rb2+ 51.Kg3 gxh4+ 52.Rxh4 Rb8 
53.Rh5 a6 54.Ra5 Rb6 55.f4 Rc6 56.Kh4 Rb6 57.f5+ Kg7 58.Kg5 Kf7 59.Rc5 Rb7
60.Rc6 Ra7 61.Rh6 Kg8 62.f6 a5 63.Kg6 a4 64.Rh2 a3 65.Rc2 Ra8 66.Ra2 Ra6 
67.g5 Ra4 68.Rc2 Ra8 69.Ra2 Ra4 70.Rh2 Ra6 71.Rd2 Ra8 72.Ra2 1/2-1/2

[Event "18th EUR-ch (w)"]
[Site "Riga LAT"]
[Date "2017.04.19"]
[Round "8.38"]
[White "Osmanodja, Filiz"]
[Black "Drljevic, Ljilja"]
[Result "0-1"]
[WhiteElo "2370"]
[BlackElo "2237"]
[EventDate "2017.04.11"]
[PlyCount "104"]

1.e4 c5 2.Nf3 e6 3.d4 cxd4 4.Nxd4 Nf6 5.Nc3 d6 6.Be2 Be7 7.O-O O-O 8.Be3 
Nc6 9.f4 Bd7 10.Qe1 e5 11.fxe5 dxe5 12.Nf5 Bxf5 13.exf5 Rc8 14.Qg3 Nd4 15.
Bd1 Re8 16.Kh1 Qb6 17.Bc1 Qa6 18.Qe1 Bb4 19.a3 Rxc3 20.axb4 Qxa1 21.bxc3 
Qxc1 22.cxd4 exd4 23.Qf2 Qe3 24.Qxe3 dxe3 25.Bf3 Ne4 26.Re1 g6 27.Kg1 Nd2 
28.Bxb7 gxf5 29.g3 Re7 30.Bd5 Kg7 31.c4 Kf6 32.Kg2 f4 33.gxf4 Kf5 34.Kg3 
f6 35.c5 Rg7+ 36.Kh3 Kxf4 37.c6 Ne4 38.Kh4 Nc3 39.Bc4 f5 40.Be6 Ne4 41.
Rf1+ Nf2 42.Bd7 Rg2 43.h3 Rh2 44.Bxf5 Kxf5 45.Kg3 Rxh3+ 46.Kg2 Kf4 47.c7 
Rg3+ 48.Kh2 Rg8 49.Rg1 Rc8 50.b5 Rxc7 51.b6 axb6 52.Rg7 Ng4+ 0-1

[Event "18th EUR-ch (w)"]
[Site "Riga LAT"]
[Date "2017.04.19"]
[Round "8.44"]
[White "Stetsko, Lanita"]
[Black "Dolukhanova, Evgeniya"]
[Result "0-1"]
[WhiteElo "2226"]
[BlackElo "2287"]
[EventDate "2017.04.11"]
[PlyCount "100"]

1.e4 c5 2.Nf3 Nc6 3.d4 cxd4 4.Nxd4 e5 5.Nb5 d6 6.c4 Be7 7.N1c3 a6 8.Na3 
Be6 9.Be2 Nf6 10.O-O O-O 11.Be3 Rc8 12.Qd2 Na5 13.Nd5 Bxd5 14.exd5 b6 15.
f4 Ne4 16.Qd3 f5 17.b4 Nb7 18.fxe5 dxe5 19.Nc2 Ned6 20.Qb3 f4 21.Bc1 Qc7 
22.Bb2 Nxc4 23.Na3 b5 24.Rac1 Qb6+ 25.Kh1 Nbd6 26.Nxc4 Nxc4 27.Qh3 Qf6 28.
Bd3 g6 29.Rfe1 Bd6 30.Be4 Rc7 31.Bc3 Qe7 32.Qd3 Qg5 33.Qh3 Re7 34.Rc2 Ne3 
35.Rce2 Ng4 36.Bf3 h5 37.Bxg4 hxg4 38.Qd3 g3 39.h3 Qf5 40.Qf3 Rc8 41.Bb2 
Rc4 42.Re4 Rec7 43.R4e2 Rc2 44.Rxc2 Rxc2 45.Ba1 e4 46.Qd1 Rxg2 47.Kxg2 f3+
48.Kg1 f2+ 49.Kg2 Qf3+ 50.Qxf3 fxe1=N+ 0-1

[Event "18th EUR-ch (w)"]
[Site "Riga LAT"]
[Date "2017.04.19"]
[Round "8.45"]
[White "Olde, Margareth"]
[Black "Fuchs, Judith"]
[Result "1/2-1/2"]
[WhiteElo "2110"]
[BlackElo "2274"]
[EventDate "2017.04.11"]
[PlyCount "89"]

1.d4 Nf6 2.c4 e6 3.Nf3 Bb4+ 4.Bd2 c5 5.e3 O-O 6.Bd3 Nc6 7.Nc3 d5 8.a3 cxd4
9.exd4 dxc4 10.Bxc4 Ba5 11.b4 Bb6 12.Be3 Ng4 13.Qd3 Ne7 14.Rd1 Nd5 15.O-O 
Ngxe3 16.fxe3 Nxc3 17.Qxc3 Bd7 18.Ne5 Ba4 19.Rd2 Rc8 20.Qd3 Qe7 21.Qe4 f5 
22.Qd3 Kh8 23.Rdf2 Bc7 24.Nf3 Bc6 25.Qb3 Rce8 26.b5 Bd7 27.Qd3 Rf6 28.e4 
Bc8 29.Kh1 fxe4 30.Qxe4 Rf4 31.Qe3 Ref8 32.a4 R4f6 33.Ne5 b6 34.Nc6 Qd6 
35.g3 Rxf2 36.Rxf2 Rxf2 37.Qxf2 Bb7 38.Qf3 h6 39.Qe4 e5 40.Bd3 Kg8 41.dxe5
Bxc6 42.exd6 Bxe4+ 43.Bxe4 Bxd6 44.Bd5+ Kf8 45.Kg2 1/2-1/2

[Event "18th EUR-ch (w)"]
[Site "Riga LAT"]
[Date "2017.04.19"]
[Round "8.54"]
[White "Movileanu, Daniela"]
[Black "Makka, Ioulia"]
[Result "0-1"]
[WhiteElo "2213"]
[BlackElo "2069"]
[EventDate "2017.04.11"]
[PlyCount "118"]

1.e4 c6 2.d4 d5 3.e5 Bf5 4.Nf3 e6 5.Be2 h6 6.O-O Nd7 7.Nbd2 Ne7 8.Nb3 Bh7 
9.a4 Qc7 10.a5 a6 11.Bd2 c5 12.c4 cxd4 13.Nbxd4 Nxe5 14.Nxe5 Qxe5 15.Qa4+ 
Kd8 16.Be3 Nc8 17.cxd5 Bd6 18.g3 exd5 19.Rfd1 Ke7 20.Qb3 Rb8 21.f4 Qf6 22.
Qxd5 Re8 23.Bf3 Kf8 24.Bf2 Ne7 25.Ne6+ fxe6 26.Qxd6 Kg8 27.Re1 Bf5 28.Bd4 
Qg6 29.Bb6 Bh3 30.Rac1 Nf5 31.Qe5 Kh8 32.Kf2 h5 33.Bc7 Ra8 34.Bxb7 Ra7 35.
Bf3 Re7 36.Bb6 Rad7 37.Re2 Rd3 38.Rc3 Rd1 39.Re1 Rd2+ 40.Re2 Rd1 41.Bg2 
Bxg2 42.Kxg2 h4 43.Re1 Rd2+ 44.Bf2 Kh7 45.Qe4 Rxb2 46.Re2 h3+ 47.Kf1 Rb1+ 
48.Be1 Reb7 49.Qxe6 Qxe6 50.Rxe6 R7b2 51.Re2 Rxe2 52.Kxe2 Nd4+ 53.Ke3 Nf5+
54.Kd2 Rb2+ 55.Rc2 Rxc2+ 56.Kxc2 Ne3+ 57.Kd3 Ng4 58.Kc4 Nxh2 59.g4 Nf1 0-1

[Event "18th EUR-ch (w)"]
[Site "Riga LAT"]
[Date "2017.04.19"]
[Round "8.60"]
[White "Caglar, Sila"]
[Black "Limanovska, Elizabete"]
[Result "1-0"]
[WhiteElo "2093"]
[BlackElo "1990"]
[EventDate "2017.04.11"]
[PlyCount "119"]

1.e4 c5 2.Nf3 d6 3.d4 cxd4 4.Nxd4 Nf6 5.Nc3 a6 6.Bg5 Nbd7 7.Qe2 e5 8.Nf5 
h6 9.Bh4 g6 10.Ne3 Be7 11.O-O-O b5 12.a3 Bb7 13.f3 Rc8 14.Bxf6 Nxf6 15.
Ncd5 Nxd5 16.Nxd5 Bxd5 17.Rxd5 Rc5 18.Qd3 O-O 19.Be2 Qc7 20.Kb1 Rb8 21.Rd1
a5 22.g3 b4 23.a4 Rc8 24.Rxc5 Qxc5 25.Bf1 Bg5 26.Qe2 Qc6 27.b3 Be3 28.Rd5 
Bd4 29.Qc4 Qb7 30.Qb5 Qc7 31.Qd3 Qc3 32.Qxc3 Rxc3 33.Bd3 Bc5 34.Kc1 Kf8 
35.Kd1 Ke7 36.Kd2 Ke6 37.Bc4 Ke7 38.Rd3 Rxd3+ 39.Kxd3 f5 40.g4 Kf6 41.gxf5
gxf5 42.Bb5 Kg5 43.Bd7 fxe4+ 44.fxe4 Kf4 45.Be6 Bg1 46.h3 h5 47.Bf7 h4 48.
Bg6 Bc5 49.Kc4 Ke3 50.Kb5 Kd2 51.Kxa5 Kxc2 52.Bf7 Kd3 53.Bd5 Ke3 54.Kb5 
Kf3 55.Kc4 Ke3 56.a5 Kf4 57.a6 Kg3 58.Be6 Kf4 59.Bf5 Kg5 60.Kd5 1-0

[Event "18th EUR-ch (w)"]
[Site "Riga LAT"]
[Date "2017.04.19"]
[Round "8.61"]
[White "Heinatz, Maria"]
[Black "Vidruska, Renate"]
[Result "1/2-1/2"]
[WhiteElo "1990"]
[BlackElo "2093"]
[EventDate "2017.04.11"]
[PlyCount "81"]

1.e4 e5 2.Nf3 Nf6 3.Nc3 Nc6 4.Bb5 Bb4 5.O-O O-O 6.d3 Re8 7.Bg5 Bxc3 8.bxc3
h6 9.Bh4 d6 10.h3 Bd7 11.Nh2 g5 12.Bg3 Ne7 13.Bxd7 Qxd7 14.h4 Ng6 15.hxg5 
hxg5 16.Qd2 Nh7 17.f3 Nf4 18.Bxf4 gxf4 19.Ng4 Kh8 20.Kf2 Kg7 21.Rh1 Rh8 
22.g3 Ng5 23.gxf4 Nh3+ 24.Rxh3 Rxh3 25.fxe5 Rah8 26.Qg5+ Kf8 27.Rg1 dxe5 
28.Nf6 Rh2+ 29.Ke3 Qd6 30.Qg7+ Ke7 31.Nd5+ Ke8 32.Rg5 Qc5+ 33.d4 exd4+ 34.
Kd3 Qd6 35.Rf5 dxc3 36.Qxf7+ Kd8 37.e5 Rd2+ 38.Ke4 Re2+ 39.Kd4 Rd2+ 40.Ke4
Re2+ 41.Kd4 1/2-1/2

[Event "18th EUR-ch (w)"]
[Site "Riga LAT"]
[Date "2017.04.19"]
[Round "8.62"]
[White "Arda, Cagil Irmak"]
[Black "Parhomenko, Margarita"]
[Result "1-0"]
[WhiteElo "2089"]
[BlackElo "1987"]
[EventDate "2017.04.11"]
[PlyCount "105"]

1.Nf3 Nf6 2.g3 d5 3.Bg2 Bf5 4.d3 Nbd7 5.O-O e5 6.Nh4 Bg4 7.h3 Bh5 8.Qe1 
Bc5 9.e4 dxe4 10.dxe4 O-O 11.Be3 c6 12.Nd2 Qc7 13.c3 a5 14.Bxc5 Nxc5 15.
Qe3 Rad8 16.Nc4 Nd3 17.g4 Bg6 18.Rad1 Nf4 19.Nf5 b5 20.Na3 Bxf5 21.exf5 
N6d5 22.Qe4 Nxg2 23.Kxg2 Qe7 24.Nc2 Rfe8 25.Kh2 Qh4 26.Ne3 Nf4 27.Qf3 h5 
28.gxh5 Nxh5 29.Ng4 Rxd1 30.Rxd1 e4 31.Qe3 Nf6 32.Rg1 Nxg4+ 33.Rxg4 Qe7 
34.Kg2 Qe5 35.Qg5 a4 36.a3 c5 37.h4 e3 38.fxe3 Kf8 39.h5 Qxe3 40.Qxg7+ Ke7
41.h6 Qe2+ 42.Kh3 Rd8 43.Qg5+ Ke8 44.Rg3 Qf1+ 45.Kh4 Qh1+ 46.Rh3 Qe4+ 47.
Kh5 Kd7 48.h7 Rh8 49.Kh6 Qe5 50.Rh5 Qe4 51.Qf6 Qe3+ 52.Kg7 Re8 53.h8=Q 1-0

[Event "18th EUR-ch (w)"]
[Site "Riga LAT"]
[Date "2017.04.19"]
[Round "8.67"]
[White "Sibajeva, Marija"]
[Black "Ivanova, Katrina Telma"]
[Result "1-0"]
[WhiteElo "2011"]
[BlackElo "1340"]
[EventDate "2017.04.11"]
[PlyCount "99"]

1.e4 e5 2.Nf3 Nf6 3.Nc3 Bb4 4.d3 d5 5.exd5 Nxd5 6.Bd2 Bxc3 7.bxc3 O-O 8.
Be2 Re8 9.O-O Nc6 10.Rb1 b6 11.Re1 Bb7 12.Bf1 h6 13.c4 Nf6 14.Bc3 Nd7 15.
d4 exd4 16.Rxe8+ Qxe8 17.Nxd4 Nde5 18.Nxc6 Bxc6 19.Qd4 f6 20.Qf4 Qe7 21.
Re1 Re8 22.Qf5 Qc5 23.Qf4 Re7 24.Qd2 Kf7 25.Bb4 Rd7 26.Qxd7+ Nxd7 27.Bxc5 
Nxc5 28.Bd3 Ne6 29.Bg6+ Kxg6 30.Rxe6 Ba4 31.Re7 Bxc2 32.Rxc7 Bd3 33.f3 a5 
34.a3 a4 35.Kf2 h5 36.Ke3 Bf1 37.g3 Kh6 38.Kd4 Bg2 39.Rc6 Bxf3 40.Rxb6 Kg5
41.c5 Kg4 42.c6 Bxc6 43.Rxc6 Kh3 44.Rc2 g5 45.Ke4 h4 46.Kf5 hxg3 47.hxg3 
Kxg3 48.Rc4 g4 49.Rxg4+ Kf3 50.Rxa4 1-0

[Event "18th EUR-ch (w)"]
[Site "Riga LAT"]
[Date "2017.04.19"]
[Round "8.69"]
[White "Golsta, Ramona"]
[Black "Nikolajeva, Marija"]
[Result "0-1"]
[WhiteElo "1560"]
[BlackElo "1673"]
[EventDate "2017.04.11"]
[PlyCount "95"]

1.d4 d5 2.Nf3 Nf6 3.Bg5 Bf5 4.e3 e6 5.Ne5 Be7 6.Bd3 Bg6 7.Nd2 Bxd3 8.cxd3 
c6 9.O-O O-O 10.f4 Nbd7 11.Ndf3 c5 12.Bxf6 Nxf6 13.Qe2 Rc8 14.Rac1 Qa5 15.
a3 cxd4 16.Nxd4 Rc7 17.Rc2 Rfc8 18.Rfc1 a6 19.h3 Bd6 20.Ndf3 Qa4 21.Rxc7 
Rxc7 22.Rxc7 Bxc7 23.Ng5 Bxe5 24.fxe5 h6 25.Nxf7 Kxf7 26.exf6 Kxf6 27.Kf1 
Qh4 28.Qf3+ Ke7 29.Ke2 Qf6 30.d4 Qg6 31.Kd2 Qb1 32.Kc3 Qc1+ 33.Kd3 Qxb2 
34.Qg3 Qxa3+ 35.Kd2 Qa2+ 36.Kd3 Qb1+ 37.Kd2 Kf7 38.Qc7+ Kg6 39.Qe7 Qb6 40.
Qe8+ Kh7 41.h4 Qc6 42.Qf7 b5 43.h5 b4 44.g4 Qc3+ 45.Kd1 Qd3+ 46.Ke1 Qxe3+ 
47.Kf1 Qh3+ 48.Kf2 0-1